| 000 | 00582nam a2200193Ia 4500 | ||
|---|---|---|---|
| 008 | 090201s9999 xx 000 0 und d | ||
| 010 | _aKPL-74681 | ||
| 020 | _a81-7486-712-4 | ||
| 040 | _bमराठी | ||
| 041 | _aमराठी | ||
| 082 |
_a55213 _b74681 |
||
| 100 | _aमोनिका गजेंद्रगडकर | ||
| 245 |
_aआर्त _cमोनिका गजेंद्रगडकर |
||
| 250 | _a1 | ||
| 260 |
_c2008 _bमौज प्रकाशन गृह |
||
| 300 |
_a169 _bमध्यम |
||
| 600 | _aआर्त | ||
| 942 | _cBOOK | ||
| 999 |
_c251501 _d251501 |
||